Memorial do convento (Record no. 44893)
[ view plain ]
| 000 -Etiqueta do registo | |
|---|---|
| Valores | 00721nam a2200253 4500 |
| 010 ## - Número ISBN | |
| ISBN | 9789727992607 |
| 021 ## - Número do Depósito Legal | |
| Número | 313211/10 |
| 100 ## - Dados gerais de processamento | |
| Dados gerais | 20110628d2010 e y0pory5003 ba |
| 101 0# - Língua de publicação | |
| Língua | por |
| 102 ## - País de publicação | |
| País | PT |
| 200 1# - Titulo e menção de responsabilidade | |
| Título próprio | Memorial do convento |
| Informação de outro título | análise de obra de José Saramago |
| Primeira menção de responsabilidade | Ana Maria Lucas, Fátima Vieira Correia |
| 205 ## - Menção da edição | |
| Edição | 1.ª ed. |
| 210 #9 - Publicação | |
| Local de publicação | Alfragide |
| Nome do editor | Sebenta, |
| Data de publicação | 2010 |
| 215 ## - Descrição física | |
| Paginação / Volumes | 132 p. |
| Outras indicações físicas | il. |
| Dimensões | 30 cm |
| 225 2# - Colecção | |
| Título próprio da colecção | Ensino secundário |
| 604 ## - | |
| Palavra de ordem - nome | Saramago, |
| Título | -Memorial do convento |
| 675 ## - CDU | |
| Notação | 82.09(07) |
| 700 #1 - Autor principal | |
| Apelido | Lucas, |
| Nome | Ana Maria |
| 701 #1 - Autor co-responsavel | |
| Apelido | Correia, |
| Nome | Fátima Vieira |
| Função | 070 |
| 702 #1 - Autor secundário | |
| Apelido | Saramago, |
| Nome | José, |
| Datas | 1922-2010 |
| Função | 100 |
| 801 #0 - Fonte de origem | |
| País | PT |
| Agência | BN |
| Regras de catalogação | RPC |
| 990 ## - Elementos KOHA | |
| Tipo de documento | Livro |
| Aquisição | Empréstimo | Código de barras | Cota | Permissão de empréstimo | Tipo de documento |
|---|---|---|---|---|---|
| Biblioteca Escolar Doutor Hernâni Cidade | Biblioteca Escolar Doutor Hernâni Cidade | 81024 | 82.09(07) AA.VV. MEM. CONV. | Livro |